000 01151cas a2200361Ia 4500
001 47047
005 20230411085958.0
008 940125c19uu9999dr ar 0 b0spa d
035 _a(OCoLC)ocm29680208
040 _aIQU
_cIQU
_dOCLCQ
_dNLGGC
_dDRFGD
029 1 _aNLGGC
_b05477490X
035 _a(OCoLC)29680208
043 _anwdr---
084 _a15.85
_2bcl
084 _a15.35
_2bcl
084 _a73.05
_2bcl
090 _aB668. 1987
049 _aGRAL
130 0 _aBoletín (Museo del Hombre Dominicano)
245 1 0 _aBoletín /
_cMuseo del Hombre Dominicano.
260 _aSanto Domingo :
_bDepartamento de Publicaciones y Difusión, Museo del Hombre Dominicano
300 _av. :
_bill. ;
_c23 cm.
310 _aAnnual
500 _aDescription based on: Año XIV, no. 20 (1987).
650 0 _aIndians of the West Indies
_zDominican Republic.
650 0 _aAnthropology
_zDominican Republic.
651 0 _aDominican Republic
_xAntiquities.
710 2 _aMuseo del Hombre Dominicano.
780 0 0 _tBoletín del Museo del Hombre Dominicano
_w(OCoLC)2517690
942 _2lcc
_cbk
946 _ajoacosta
994 _aC0
_bDRFGD
999 _c110385
_d110385